| 000 | 00554nam a2200217Ia 4500 | ||
|---|---|---|---|
| 003 | GCL | ||
| 008 | 140319s9999 xx 000 0 eng d | ||
| 040 |
_aGCL / _cGCL |
||
| 082 | 0 | 4 |
_a300.3 _bK S |
| 100 | 1 | _aKUPER, ADAM | |
| 245 | 1 | 0 |
_aTHE SOCIAL SCIENCE ENCYCLOPEDIA / _cKUPER, ADAM |
| 700 | 1 | _aKUPER, JESSICA | |
| 260 |
_a[S.N] : _bROUTLEDGE ، _c1996 |
||
| 300 | _a923 P | ||
| 650 | 0 | 4 | _aSOCIAL |
| 650 | 0 | 4 | _aSOCIAL SCIENCE - ENCYCLOPEDIA |
| 650 | 0 | 4 | _aSOCIAL ASPECTS |
| 650 | 0 | 4 | _aSOCIAL SCIENCE |
| 650 | 0 | 4 | _aENCYCLOPEDIA |
| 942 |
_2ddc _cBK |
||
| 999 |
_c12970 _d12970 |
||